000 00461nam a2200157Ia 4500
008 210210b2000 xxu||||| |||| 00| 0 eng d
020 _a81 250 1919 7
082 _a954.87 MOIS
100 _aMOIENUDDIN (Mohammad).
245 _aSunset at Srirangapatnam: after the death of Tipu Sultan.
260 _aHyderabad.
_bOrient Longman Ltd.,
_c2000
300 _axiii,153
650 _aSrirangapatnam Tipu Sultan
690 _aKarnataka History
906 _aSG03612
999 _c114143
_d114143